00731cam a2200241 a 45000010005000000030008000050050017000130080039000300200015000690200015000840350018000990350012001170400029001290410008001580820021001661000027001872450090002142600032003043000029003365040020003656500048003857300056004335596BD-RjUL20211208234107.0131226m1969 enk 001 0 eng a0582508142 a0379508142 a(BD-RjUL)5635 a1160899 aLCbengcLCdWUdBD-RjUL aeng00a341.57bCAC 19691 aCampbell, Alan,d1917-10aCommon Market law /cAlan Campbell, foreword by the Rt. Hon. Lord Denning.nVolume 1. bLongmans :bOceana,cc1969. accxliv, 601 p. ;c26 cm. aIncludes index. 0aLawzEuropean Economic Community countries.02aTreaty Establishing the European Economic Community